000 00334nam a2200157 a 4500
008 190522s |||| d
260 _aPraha
_bPražské
958 _aAUL
958 _aA
245 1 0 _aNeveste pro Napoleona
250 _a1.vydanie
020 _c0
041 _acze
100 1 _aCharles de Caulle
044 _aCZ
999 _c20720
_d20720